000 00572nam a2200181 4500
999 _c162436
_d162436
005 20190313141959.0
010 _aENG-124878
020 _a9789380200606
_c499.00
035 _aEN-108410
037 _bDBAD/PUB
082 _a332.024
100 _aPandit, Amar
245 _aThe only financial planning book:
_bthat you will ever need/
_cAmar Pandit
260 _aMumbai
_bTV 18 Broadcast Ltd
_c2017
270 _a414, 1st Floor Empire Mills Empire, Senapti Bapat Marg
_bMumbai
_e400013
300 _a324p.
_c22cm(Hb)
942 _2ddc
_cEN
_h332.024
_mPAN